MARC details
| 000 -CABECERA |
| campo de control de longitud fija |
01419nam a2200325 a 4500 |
| 001 - NÚMERO DE CONTROL |
| campo de control |
000042443 |
| 003 - IDENTIFICADOR DEL NÚMERO DE CONTROL |
| campo de control |
DO-SdBNP |
| 005 - FECHA Y HORA DE LA ÚLTIMA TRANSACCIÓN |
| campo de control |
20250714112740.0 |
| 008 - DATOS DE LONGITUD FIJA--INFORMACIÓN GENERAL |
| campo de control de longitud fija |
130813s2009 dr ac 001 0 spa d |
| 020 ## - NÚMERO INTERNACIONAL ESTÁNDAR DEL LIBRO |
| Número Internacional Estándar del Libro |
9289945443509 |
| 040 ## - FUENTE DE LA CATALOGACIÓN |
| Centro catalogador/agencia de origen |
DO-SdBNP |
| Lengua de catalogación |
spa |
| Centro/agencia transcriptor |
BNPHU |
| 110 2# - ENTRADA PRINCIPAL--NOMBRE DE ENTIDAD CORPORATIVA |
| Nombre de entidad corporativa o nombre de jurisdicción como elemento de entrada |
Banco Central de la República Dominicana |
| 9 (RLIN) |
83405 |
| 245 10 - MENCIÓN DE TÍTULO |
| Título |
Pinacoteca : |
| Resto del título |
colección de obras de arte 2009 / |
| Mención de responsabilidad, etc. |
Marianne de Tolentino, Danilo de los Santos, Vladimir Velásquez; fotografías de las pinturas Onorio Montás, Mariano Hernández, Francisco Monosalvas, Fernando Calzada, Tiziano de Stéfano, Ricardo Briones, Luis Pena Manso, Luis Nova. |
| 250 ## - MENCIÓN DE EDICIÓN |
| Mención de edición |
2a. ed. |
| 260 ## - PUBLICACIÓN, DISTRIBUCIÓN, ETC. |
| Lugar de publicación, distribución, etc. |
Santo Domingo : |
| Nombre del editor, distribuidor, etc. |
Banco Central de la República Dominicana, |
| Fecha de publicación, distribución, etc. |
2009. |
| Fabricante |
Serigraf |
| 300 ## - DESCRIPCIÓN FÍSICA |
| Extensión |
274 p. : |
| Otras características físicas |
il., retrs. ; |
| Dimensiones |
30 cm. |
| 500 ## - NOTA GENERAL |
| Nota general |
Las dimensiones de los cuadros de esta pinacoteca están dadas en pulgadas |
| 700 1# - PUNTO DE ACCESO ADICIONAL--NOMBRE DE PERSONA |
| Nombre de persona |
Santos, Danilo de los, |
| Fechas asociadas al nombre |
1943-2018 |
| 9 (RLIN) |
10278 |
| 700 1# - PUNTO DE ACCESO ADICIONAL--NOMBRE DE PERSONA |
| Nombre de persona |
Velásquez, Vladimir |
| 9 (RLIN) |
69595 |
| 700 1# - PUNTO DE ACCESO ADICIONAL--NOMBRE DE PERSONA |
| Nombre de persona |
Montás, Onorio |
| Término indicativo de función/relación |
fot. |
| 9 (RLIN) |
59042 |
| 700 1# - PUNTO DE ACCESO ADICIONAL--NOMBRE DE PERSONA |
| Nombre de persona |
Hernández, Mariano |
| Término indicativo de función/relación |
fot. |
| 9 (RLIN) |
59875 |
| 700 1# - PUNTO DE ACCESO ADICIONAL--NOMBRE DE PERSONA |
| Nombre de persona |
Manosalvas, Francisco |
| Término indicativo de función/relación |
fot. |
| 9 (RLIN) |
69596 |
| 700 1# - PUNTO DE ACCESO ADICIONAL--NOMBRE DE PERSONA |
| Nombre de persona |
Calzada, Fernando |
| Término indicativo de función/relación |
fot. |
| 9 (RLIN) |
69597 |
| 700 1# - PUNTO DE ACCESO ADICIONAL--NOMBRE DE PERSONA |
| Nombre de persona |
Stéfano, Tiziano de |
| Término indicativo de función/relación |
fot. |
| 9 (RLIN) |
69598 |
| 700 1# - PUNTO DE ACCESO ADICIONAL--NOMBRE DE PERSONA |
| Nombre de persona |
Briones, Ricardo |
| Término indicativo de función/relación |
fot. |
| 9 (RLIN) |
29826 |
| 700 1# - PUNTO DE ACCESO ADICIONAL--NOMBRE DE PERSONA |
| Nombre de persona |
Pena Manso, Luis |
| Término indicativo de función/relación |
fot. |
| 9 (RLIN) |
69599 |
| 700 1# - PUNTO DE ACCESO ADICIONAL--NOMBRE DE PERSONA |
| Nombre de persona |
Nova, Luis |
| Término indicativo de función/relación |
fot. |
| 9 (RLIN) |
36995 |
| 700 1# - PUNTO DE ACCESO ADICIONAL--NOMBRE DE PERSONA |
| Nombre de persona |
Tolentino, Marianne de |
| 9 (RLIN) |
15222 |
| 942 ## - ELEMENTOS DE PUNTO DE ACCESO ADICIONAL (KOHA) |
| Fuente del sistema de clasificación o colocación |
Dewey Decimal Classification |
| Tipo de ítem Koha |
Libro |